000 00476nam a22001457a 4500
999 _c514762
_d514762
008 201212b ||||| |||| 00| 0 eng d
100 _aBose, Himadri.
_921725
245 _aInfluence of Alfred Thayer Mahan on Japanese maritime strategy
260 _aJournal of Defence Studies
300 _a14(1-2), Jan-Jun, 2020: p.49-68
650 _aPacific Ocean -- Strategic aspects.
_921726
773 _aJournal of Defence Studies
906 _aSEA POWER - JAPAN
942 _cAR